00512nam a2200193 a 4500001001300000003000900013005001700022008004100039020001000080082001700090100002600107245003900133260003800172300000900210500003500219505002000254650001800274700002600292nice12345678IN_TiNIC20260116011802.0050524s1972 luca grp 000 0 urd  ac3.500a297.446bNAD aNadvi, Abul Hasan Ali aHindustani Musalmaan Ek Nazar Mein aLucknowbMajlis-E-Tahqeeqatc1972 a132p aincludes index and biblioraphy2 areference index aIslam-Rituals1 aNadvi, Abul Hasan Ali